Normal view
MARC view
- Kyoto, Araki, ed.
Entry Personal Name
001 - CONTROL NUMBER
- control field: 8491
003 - CONTROL NUMBER IDENTIFIER
- control field: OSt
005 - DATE AND TIME OF LATEST TRANSACTION
- control field: 20110105152715.0
008 - FIXED-LENGTH DATA ELEMENTS
- fixed length control field: 110105|||a|||||| | ||| d
040 ## - CATALOGING SOURCE
- Original cataloging agency: OSt
- Transcribing agency: OSt
100 ## - HEADING--PERSONAL NAME
- Personal name: Kyoto, Araki, ed.
670 ## - SOURCE DATA FOUND
- Source citation: Work cat.: (OSt): Kyoto, Araki, ed., Gauge theroy and gravitation; procedding of the .., 1983
670 ## - SOURCE DATA FOUND
- Source citation: Work cat.: (OSt): Kyoto, Araki, ed., Gauge theroy and gravitation; procedding of the .., 1983
